New Harappan discoveries in North Rajasthan and Punjab / (Record no. 170356)

MARC details
000 -LEADER
fixed length control field 00589nam a22001817a 4500
005 - DATE AND TIME OF LATEST TRANSACTION
control field 20191213131314.0
010 ## - LCCN (DPL NO)
LC control number ENG-127126
020 ## - INTERNATIONAL STANDARD BOOK NUMBER
Terms of availability 1300.00
International Standard Book Number 9789387306080
035 ## - SYSTEM CONTROL NUMBER
System control number EN-110658
037 ## - SOURCE OF ACQUISITION
Source of stock number/acquisition DBAD/PUB
082 ## - DEWEY DECIMAL CLASSIFICATION NUMBER
Classification number 954.42
100 ## - MAIN ENTRY--PERSONAL NAME
Personal name Sharma, D.P
245 ## - TITLE STATEMENT
Title New Harappan discoveries in North Rajasthan and Punjab /
Statement of responsibility, etc by D.P.Sharma
260 ## - PUBLICATION, DISTRIBUTION, ETC. (IMPRINT)
Place of publication, distribution, etc Varanasi
Name of publisher, distributor, etc Prachya Vidya Bhawan
Date of publication, distribution, etc 2019
270 ## - ADDRESS
Address B5/25, Oudhgarvi Sonarpura
City Varanasi
Postal code 221001
Telephone number 19839078959
Electronic mail address prachyab@gmail.com
300 ## - PHYSICAL DESCRIPTION
Extent xv;166p.
Dimensions 22cm(Hb)
Other physical details ill.
942 ## - ADDED ENTRY ELEMENTS (KOHA)
Source of classification or shelving scheme Dewey Decimal Classification
Item type English Books
Classification part 954.42
Call number suffix SHA
Holdings
Withdrawn status Lost status Not for loan Collection code Home library Current library Date acquired Source of acquisition Cost, normal purchase price Full call number Barcode Copy number Cost, replacement price Koha item type
      Non-fiction Sarojini Nagar Sarojini Nagar 13/12/2019 DBAD/PUB 1300.00 954.42 SHA EN-110658 1 1300.00 English Books

© Delhi Public Library
Hit Counter
free hit counter